[Event "18th Asian-ch"]
[Site "New Delhi IND"]
[Date "2022.10.27"]
[Round "2.36"]
[White "Sengupta, Deep"]
[Black "Liyanage Ranindu, Dilshan"]
[Result "1-0"]
[WhiteElo "2497"]
[BlackElo "2310"]
[EventDate "2022.10.26"]
[PlyCount "91"]

1.c4 e6 2.Nf3 d5 3.e3 Nf6 4.Nc3 dxc4 5.Bxc4 a6 6.O-O c5 7.Be2 Nc6 8.b3 Be7
9.Bb2 O-O 10.Na4 b5 11.Nxc5 Bxc5 12.Qc2 Nd7 13.Qc3 Qf6 14.d4 Bb7 15.dxc5 
Qxc3 16.Bxc3 Nxc5 17.Rfc1 Ne4 18.Be1 Rfd8 19.Rc2 Rac8 20.Rac1 Ne7 21.Ne5 
Rxc2 22.Rxc2 Nd5 23.f3 Nd6 24.e4 Nf4 25.Bf1 f6 26.Nc6 Rd7 27.Na5 g5 28.a4 
bxa4 29.bxa4 f5 30.Bb4 Nf7 31.exf5 exf5 32.Nxb7 Rxb7 33.Rc8+ Kg7 34.Bc3+ 
Kh6 35.Rc6+ Kh5 36.Rxa6 Rb1 37.Bg7 Ng6 38.a5 Nfe5 39.Rb6 Rd1 40.Kf2 Rd2+ 
41.Ke1 Ra2 42.a6 f4 43.Re6 Ra1+ 44.Kf2 Ra2+ 45.Kg1 Nd7 46.Bd4 1-0

[Event "18th Asian-ch"]
[Site "New Delhi IND"]
[Date "2022.10.27"]
[Round "2.37"]
[White "Manish Anto, Cristiano F."]
[Black "Atabaev, Yusup"]
[Result "0-1"]
[WhiteElo "2332"]
[BlackElo "2490"]
[EventDate "2022.10.26"]
[PlyCount "76"]

1.e4 c5 2.Nf3 d6 3.d4 cxd4 4.Nxd4 Nf6 5.Nc3 a6 6.Bg5 Nbd7 7.Qe2 b5 8.f4 b4
9.Nd5 Bb7 10.O-O-O Rc8 11.Kb1 Nc5 12.Nf5 Bxd5 13.exd5 Nfe4 14.Bh4 Qb6 15.
Ka1 g6 16.Ng3 f5 17.Nxe4 fxe4 18.Bf2 Bg7 19.Kb1 O-O 20.Bxc5 Qxc5 21.g3 a5 
22.Bh3 Rc7 23.Be6+ Kh8 24.h4 a4 25.h5 g5 26.Qxe4 b3 27.axb3 axb3 28.Rh2 
Ra8 29.cxb3 Rca7 30.Qc4 Qb6 31.h6 Bf6 32.fxg5 Ra1+ 33.Kc2 Rxd1 34.gxf6 Qg1
35.Qf4 Qxh2+ 36.Kc3 Qe2 37.fxe7 Qd3+ 38.Kb4 Rb8+ 0-1

[Event "18th Asian-ch"]
[Site "New Delhi IND"]
[Date "2022.10.27"]
[Round "2.38"]
[White "Aaryan, Varshney"]
[Black "Abdisalimov, Abdimalik"]
[Result "1-0"]
[WhiteElo "2312"]
[BlackElo "2457"]
[EventDate "2022.10.26"]
[PlyCount "89"]

1.d4 Nf6 2.c4 g6 3.Nc3 Bg7 4.e4 d6 5.Nf3 O-O 6.Be2 Na6 7.O-O e5 8.Be3 Qe7 
9.dxe5 dxe5 10.Nd5 Qd8 11.Nxf6+ Bxf6 12.c5 Nb4 13.Qb3 Nc6 14.Rfd1 Qe7 15.
h3 Rb8 16.Qc3 Bd7 17.Rd2 Rfc8 18.Rad1 Be8 19.b4 b5 20.a3 a6 21.Rd5 Nd8 22.
R5d2 Nc6 23.Rd5 Bg7 24.Bd3 Nd8 25.Bc2 Bc6 26.R5d2 Qe8 27.Bb3 h6 28.Bc2 Kh7
29.Bb1 Qh8 30.Qc2 a5 31.Ba2 Ra8 32.Bb3 Qe8 33.h4 axb4 34.axb4 Ra3 35.h5 
Qe7 36.hxg6+ fxg6 37.Bd5 Be8 38.c6 Ra6 39.Qb3 Nxc6 40.Ng5+ Kh8 41.Ne6 Ra4 
42.Bg5 Qxb4 43.Qh3 Ra3 44.f3 h5 45.Nxg7 1-0

[Event "18th Asian-ch"]
[Site "New Delhi IND"]
[Date "2022.10.27"]
[Round "2.39"]
[White "Prraneeth, Vuppala"]
[Black "Jain Kashish, Manoj"]
[Result "0-1"]
[WhiteElo "2451"]
[BlackElo "2300"]
[EventDate "2022.10.26"]
[PlyCount "68"]

1.e4 c5 2.Nf3 d6 3.d4 cxd4 4.Nxd4 Nf6 5.Nc3 Nc6 6.Bg5 e6 7.Qd2 a6 8.O-O-O 
Bd7 9.Kb1 b5 10.Nxc6 Bxc6 11.f3 Be7 12.h4 Qc7 13.Ne2 O-O 14.Nd4 Rfc8 15.g4
b4 16.Bd3 a5 17.h5 Be8 18.Be3 Nd7 19.g5 Nc5 20.f4 a4 21.g6 b3 22.gxh7+ Kh8
23.h6 g6 24.Nf3 Nxd3 25.cxd3 Qc2+ 26.Ka1 a3 27.Qxc2 Rxc2 28.axb3 Bf6 29.e5
dxe5 30.fxe5 Bc6 31.Ne1 axb2+ 32.Kb1 Ra1+ 33.Kxc2 Rxd1 34.Kxb2 Bxh1 0-1

[Event "18th Asian-ch"]
[Site "New Delhi IND"]
[Date "2022.10.27"]
[Round "2.40"]
[White "Chakravarthi Reddy, M."]
[Black "Vaishali, R."]
[Result "0-1"]
[WhiteElo "2301"]
[BlackElo "2451"]
[EventDate "2022.10.26"]
[PlyCount "190"]

1.d4 Nf6 2.c4 e6 3.Nf3 Bb4+ 4.Nbd2 O-O 5.Qc2 c5 6.a3 Bxd2+ 7.Bxd2 cxd4 8.
Nxd4 Nc6 9.Nxc6 bxc6 10.Bb4 Re8 11.Bd6 c5 12.O-O-O Qb6 13.f3 e5 14.Qc3 e4 
15.g4 Re6 16.Bg3 exf3 17.exf3 Bb7 18.g5 Nh5 19.Bh3 Re2 20.Rhe1 Nxg3 21.
hxg3 Bxf3 22.Rxe2 Bxe2 23.Re1 Bh5 24.Bxd7 h6 25.g4 Bg6 26.gxh6 gxh6 27.Bf5
Rd8 28.Qe5 Rd4 29.Qe8+ Kg7 30.Qe5+ Kg8 31.Qe8+ Kg7 32.Qe5+ Qf6 33.Qxc5 
Qg5+ 34.Kb1 Rxg4 35.Qe5+ Kh7 36.Bxg6+ Qxg6+ 37.Ka2 Rxc4 38.Qe7 a6 39.Rf1 
Kg7 40.Qe5+ Kh7 41.Rf6 Re4 42.Qd6 Qh5 43.Qd3 Kg7 44.Rxh6 Kxh6 45.Qxe4 f5 
46.Qf4+ Qg5 47.Qd6+ Kh5 48.Qxa6 f4 49.Qe2+ Qg4 50.Qe5+ Kh4 51.Qe1+ Qg3 52.
Qe7+ Kh3 53.Qh7+ Kg2 54.Qc2+ Kg1 55.Qd1+ Kh2 56.Qh5+ Qh3 57.Qe2+ Kg1 58.
Qd1+ Kf2 59.Qd2+ Kf3 60.Qd1+ Ke4 61.Qa4+ Kf3 62.Qd1+ Kg3 63.Qe1+ Kf3 64.
Qd1+ Ke4 65.Qa4+ Ke5 66.Qb5+ Kf6 67.Qb8 f3 68.Qf8+ Ke5 69.Qc5+ Ke4 70.Qc4+
Ke3 71.Qc5+ Ke2 72.Qc2+ Kf1 73.Qd1+ Kg2 74.Qd5 Kh2 75.Qe5+ Qg3 76.Qh5+ Kg1
77.Qc5+ f2 78.a4 Kg2 79.Qd5+ Qf3 80.Qg5+ Kh3 81.Qh6+ Kg3 82.Qg5+ Qg4 83.
Qe5+ Kg2 84.Qd5+ Kg1 85.Qc5 Qxa4+ 86.Kb1 Qd1+ 87.Ka2 Qa4+ 88.Kb1 Qe4+ 89.
Ka2 Qf3 90.Qg5+ Qg2 91.Qe3 Qd5+ 92.Kb1 Kg2 93.Qe2 Qf3 94.Qc2 Kg1 95.Qc5 
Kh1 0-1

[Event "18th Asian-ch"]
[Site "New Delhi IND"]
[Date "2022.10.27"]
[Round "2.41"]
[White "Harshavardhan, G. B."]
[Black "Aradhya, Garg"]
[Result "1/2-1/2"]
[WhiteElo "2433"]
[BlackElo "2284"]
[EventDate "2022.10.26"]
[PlyCount "148"]

1.e4 e5 2.Nf3 Nc6 3.Bb5 a6 4.Bxc6 dxc6 5.O-O Bd6 6.d4 exd4 7.Qxd4 f6 8.Be3
Ne7 9.Nbd2 Be6 10.Rad1 O-O 11.Nc4 Bxh2+ 12.Nxh2 Qxd4 13.Rxd4 c5 14.Rd5 
Nxd5 15.exd5 Bxd5 16.Nd2 b6 17.c4 Bc6 18.Nb1 Rad8 19.Nc3 Rfe8 20.a4 a5 21.
Rc1 Kf7 22.Nf1 h5 23.f3 g5 24.Bf2 Rd3 25.Bg3 Re7 26.Re1 Rxe1 27.Bxe1 h4 
28.Nd2 Kg6 29.Kf2 f5 30.Ke2 Rd7 31.Nf1 Re7+ 32.Kf2 g4 33.Bd2 g3+ 34.Kg1 
Rd7 35.Bf4 Rd4 36.Be5 Rxc4 37.Nd2 Rb4 38.b3 h3 39.gxh3 Rh4 40.Ne2 b5 41.
Bxg3 Rb4 42.axb5 Bxb5 43.Nc3 Rd4 44.Be1 c6 45.Kf2 Rh4 46.Kg2 Rd4 47.Kf2 
Kh7 48.Ne2 Rh4 49.Kg2 Rb4 50.Nc1 Rd4 51.Kf2 a4 52.bxa4 Rxa4 53.Ndb3 Rc4 
54.Nd3 Rc2+ 55.Ke3 c4 56.Nd4 cxd3 57.Nxc2 dxc2 58.Kd2 Bd3 59.f4 c5 60.Bf2 
c4 61.Bd4 Kg6 62.Be5 Be4 63.Kc1 Kf7 64.Bc7 Ke6 65.Be5 Ke7 66.h4 Kf7 67.h5 
Kg8 68.h6 Kh7 69.Bg7 Kg6 70.Bf8 c3 71.Bg7 Kh7 72.Bf8 Bd3 73.Bg7 Kg6 74.Bf8
Be4 1/2-1/2

[Event "18th Asian-ch"]
[Site "New Delhi IND"]
[Date "2022.10.27"]
[Round "2.42"]
[White "Sattarov, Bobir"]
[Black "Sharma Dinesh, K."]
[Result "1-0"]
[WhiteElo "2433"]
[BlackElo "2242"]
[EventDate "2022.10.26"]
[PlyCount "64"]

1.e4 c6 2.c4 d5 3.exd5 Nf6 4.Nc3 cxd5 5.d4 e6 6.Nf3 Bb4 7.Bd3 dxc4 8.Bxc4 
O-O 9.O-O b6 10.Qe2 Bb7 11.Bg5 Bxc3 12.bxc3 Qc7 13.Bd3 Nbd7 14.Rac1 Rac8 
15.Rfe1 Rfe8 16.Ne5 Nxe5 17.dxe5 Qc6 18.Qf1 Nd7 19.Re3 a6 20.Rce1 Nf8 21.
Rg3 Kh8 22.Qe2 Ng6 23.c4 Qc5 24.Qh5 Qf8 25.Rh3 Qg8 26.Ree3 Rc5 27.Qd1 Rec8
28.Rh5 b5 29.Qb1 Bd5 30.Reh3 Bxc4 31.Bxg6 Bd5 32.Bd3 Rc4 1-0

[Event "18th Asian-ch"]
[Site "New Delhi IND"]
[Date "2022.10.27"]
[Round "2.43"]
[White "Sammed Jaykumar, Shete"]
[Black "Schain, Randolph"]
[Result "1-0"]
[WhiteElo "2408"]
[BlackElo "2165"]
[EventDate "2022.10.26"]
[PlyCount "67"]

1.Nf3 Nf6 2.d4 d5 3.c4 c6 4.Nc3 g6 5.cxd5 cxd5 6.Bf4 Bg7 7.e3 O-O 8.h3 Bf5
9.Be2 Nc6 10.O-O Rc8 11.Rc1 Qd7 12.a3 Rfd8 13.Na4 Ne4 14.b4 Qe8 15.b5 Nb8 
16.Bc7 Rd7 17.b6 axb6 18.Bb5 Nc6 19.Bxb6 e5 20.dxe5 Bxe5 21.g4 Rd6 22.gxf5
gxf5 23.Nxe5 Qxe5 24.Bd4 Rg6+ 25.Kh1 Qe7 26.Qf3 Qh4 27.Kh2 Rd8 28.Bxc6 Nd2
29.Qxf5 Nxf1+ 30.Rxf1 bxc6 31.Nc5 Re8 32.Rg1 Ra8 33.a4 Rd8 34.Bf6 1-0

[Event "18th Asian-ch"]
[Site "New Delhi IND"]
[Date "2022.10.27"]
[Round "2.44"]
[White "Kakabaev, Mergen"]
[Black "Anuj, Shrivatri"]
[Result "0-1"]
[WhiteElo "2285"]
[BlackElo "2407"]
[EventDate "2022.10.26"]
[PlyCount "106"]

1.e4 c6 2.d4 d5 3.e5 c5 4.dxc5 e6 5.Be3 Nd7 6.Bb5 Ne7 7.Nf3 Nf5 8.Bd4 Qa5+
9.Nc3 a6 10.Bxd7+ Bxd7 11.a3 Nxd4 12.Qxd4 Qxc5 13.O-O-O Rc8 14.Rd3 b5 15.
Rhd1 a5 16.Qxc5 Bxc5 17.Nd4 b4 18.axb4 axb4 19.Nce2 f6 20.f4 fxe5 21.fxe5 
O-O 22.Rf3 Ra8 23.Kd2 Ra2 24.Rxf8+ Kxf8 25.Rb1 Ke7 26.c3 bxc3+ 27.Kxc3 Bb6
28.Nf3 Be8 29.Ned4 Ra4 30.b3 Ra2 31.Rb2 Ra1 32.Rd2 Bg6 33.Kb2 Rf1 34.Ka3 
Ra1+ 35.Kb2 Rb1+ 36.Ka2 h6 37.h3 Kd7 38.Nc2 Rc1 39.Kb2 Rf1 40.Ka3 Be4 41.
Ncd4 Ra1+ 42.Kb2 Rb1+ 43.Ka2 Ba5 44.Rb2 Rd1 45.b4 Bb6 46.Nb3 Kc6 47.b5+ 
Kxb5 48.Nfd4+ Bxd4 49.Nxd4+ Kc4 50.Nxe6 d4 51.Rb6 d3 52.Rd6 d2 53.Nf4 Rf1 
0-1

[Event "18th Asian-ch"]
[Site "New Delhi IND"]
[Date "2022.10.27"]
[Round "2.45"]
[White "Neelotpal, Das"]
[Black "Dang Vu Dung"]
[Result "1-0"]
[WhiteElo "2400"]
[BlackElo "2017"]
[EventDate "2022.10.26"]
[PlyCount "51"]

1.e4 e6 2.d4 d5 3.Nd2 Nf6 4.e5 Nfd7 5.Bd3 c5 6.c3 Nc6 7.Ne2 f5 8.Nf3 Be7 
9.h4 cxd4 10.cxd4 Qb6 11.a3 a5 12.b3 Nf8 13.Kf1 Bd7 14.g3 Na7 15.Kg2 Bb5 
16.Bc2 Bxe2 17.Qxe2 Nd7 18.Bg5 Bf8 19.b4 Nc6 20.Be3 axb4 21.axb4 Rxa1 22.
Rxa1 Bxb4 23.Ng5 Nf8 24.Qh5+ Kd7 25.Qf7+ Ne7 26.Ra8 1-0

[Event "18th Asian-ch"]
[Site "New Delhi IND"]
[Date "2022.10.28"]
[Round "3.1"]
[White "Karthikeyan, Murali"]
[Black "Koustav, Chatterjee"]
[Result "1/2-1/2"]
[WhiteElo "2623"]
[BlackElo "2496"]
[EventDate "2022.10.26"]
[PlyCount "103"]

1.e4 e5 2.Nf3 Nc6 3.Bc4 Bc5 4.b4 Bxb4 5.c3 Ba5 6.d4 d6 7.Qb3 Qd7 8.O-O Bb6
9.Nbd2 Na5 10.Qc2 f6 11.a4 Ne7 12.Ba2 Ng6 13.Nc4 Nxc4 14.Bxc4 a6 15.Rb1 
Qe7 16.Kh1 Be6 17.Bxe6 Qxe6 18.a5 Ba7 19.Rxb7 Qc4 20.Nd2 Qc6 21.Qb3 Bb6 
22.dxe5 Nxe5 23.f4 Nd7 24.axb6 Qxb7 25.Qe6+ Kd8 26.Nc4 Qc6 27.e5 Re8 28.
Qf7 Nxb6 29.Nxb6 Qxb6 30.Qxg7 fxe5 31.fxe5 dxe5 32.Qxh7 Kc8 33.Qe4 Rb8 34.
Be3 Qe6 35.h4 Rh8 36.Bg5 Rb5 37.Kh2 Qd5 38.Qg4+ Qd7 39.Qa4 a5 40.Rd1 Rd5 
41.Qe4 c6 42.Rb1 Rc5 43.c4 a4 44.Rb4 Ra5 45.c5 a3 46.Rb6 a2 47.Rxc6+ Kb8 
48.Qxe5+ Kb7 49.Rb6+ Ka7 50.Rd6 Qxd6 51.Qxd6 a1=Q 52.Qb6+ 1/2-1/2

[Event "18th Asian-ch"]
[Site "New Delhi IND"]
[Date "2022.10.28"]
[Round "3.2"]
[White "Adhiban, Baskaran"]
[Black "Chanda, Sandipan"]
[Result "1/2-1/2"]
[WhiteElo "2603"]
[BlackElo "2474"]
[EventDate "2022.10.26"]
[PlyCount "95"]

1.e4 e5 2.Nf3 d6 3.d4 exd4 4.Nxd4 g6 5.Nc3 Bg7 6.Be3 Nf6 7.Qd2 O-O 8.O-O-O
Re8 9.Bg5 Nc6 10.Bb5 Bd7 11.Bxc6 bxc6 12.h4 Qb8 13.f3 c5 14.Nb3 Be6 15.e5 
dxe5 16.Nxc5 Qb4 17.N3e4 Qxd2+ 18.Rxd2 Nxe4 19.Nxe4 f5 20.Nf6+ Bxf6 21.
Bxf6 e4 22.fxe4 fxe4 23.Bg5 e3 24.Bxe3 Bxa2 25.Bf4 Re4 26.Bxc7 Rc8 27.Ba5 
Ra4 28.b4 Be6 29.Rhd1 Kf7 30.Kb2 Ra2+ 31.Kb1 Ra3 32.Rf1+ Kg8 33.Rfd1 a6 
34.Rd8+ Kf7 35.Rxc8 Bxc8 36.Rd6 Rc3 37.Kb2 Rc4 38.g3 Ke7 39.Rb6 Kd7 40.Rf6
Ke7 41.Rb6 Kd7 42.h5 Rc6 43.Rb8 gxh5 44.Ra8 Kd6 45.Ra7 Bf5 46.c3 Kd5 47.
Rc7 Rxc7 48.Bxc7 1/2-1/2

[Event "18th Asian-ch"]
[Site "New Delhi IND"]
[Date "2022.10.28"]
[Round "3.3"]
[White "Batchuluun, Tsegmed"]
[Black "Mendonca, Leon Luke"]
[Result "0-1"]
[WhiteElo "2487"]
[BlackElo "2558"]
[EventDate "2022.10.26"]
[PlyCount "98"]

1.d4 Nf6 2.c4 e6 3.Nf3 a6 4.Nc3 d5 5.cxd5 exd5 6.Bg5 Be6 7.e3 Nbd7 8.Bd3 
Bd6 9.O-O c6 10.Bf4 Qc7 11.Bxd6 Qxd6 12.Qc2 O-O 13.h3 Rfe8 14.Rfe1 g6 15.
Rac1 Nh5 16.Na4 Ng7 17.Nc5 Nxc5 18.dxc5 Qe7 19.Nd4 Qg5 20.Kh2 Bf5 21.Bxf5 
Nxf5 22.Nxf5 gxf5 23.Qd2 Re4 24.f3 Re6 25.Rc3 Rae8 26.Qd4 Rg6 27.Rg1 Qg3+ 
28.Kh1 Rge6 29.Rb3 R8e7 30.Rd1 h6 31.Rf1 Kh7 32.Rc3 Qg7 33.Qf4 Qg5 34.h4 
Qxf4 35.exf4 Re2 36.Rb3 Rc2 37.Kh2 Ree2 38.Rg1 Rxb2 39.Kh3 Rxb3 40.axb3 
Rb2 41.g4 Rxb3 42.gxf5 h5 43.f6 Rxf3+ 44.Kh2 Rxf4 45.Rg7+ Kh6 46.Rxf7 
Rxh4+ 47.Kg3 Rg4+ 48.Kf3 Kg5 49.Rxb7 Rf4+ 0-1

[Event "18th Asian-ch"]
[Site "New Delhi IND"]
[Date "2022.10.28"]
[Round "3.4"]
[White "Atabaev, Maksat"]
[Black "Shyam Sundar, M."]
[Result "1/2-1/2"]
[WhiteElo "2475"]
[BlackElo "2518"]
[EventDate "2022.10.26"]
[PlyCount "52"]

1.e4 c5 2.Nf3 d6 3.Bb5+ Bd7 4.a4 Nc6 5.O-O Nf6 6.d3 g6 7.Bxc6 Bxc6 8.e5 
dxe5 9.Nxe5 Rc8 10.Re1 Bg7 11.Nxc6 Rxc6 12.Na3 O-O 13.Nc4 Nd5 14.Bg5 f6 
15.Bd2 e5 16.Qf3 Qd7 17.h3 Re6 18.a5 Rfe8 19.Re2 Qc6 20.Qg3 Ne7 21.Bc3 Nd5
22.Bd2 Ne7 23.Bc3 Nd5 24.Bd2 Ne7 25.Bc3 Nd5 26.Bd2 Ne7 1/2-1/2

[Event "18th Asian-ch"]
[Site "New Delhi IND"]
[Date "2022.10.28"]
[Round "3.5"]
[White "Pranav, Anand"]
[Black "Raja Rithvik, R."]
[Result "1/2-1/2"]
[WhiteElo "2502"]
[BlackElo "2470"]
[EventDate "2022.10.26"]
[PlyCount "216"]

1.d4 Nf6 2.c4 e6 3.Nc3 Bb4 4.f3 c5 5.d5 b5 6.e4 d6 7.Bd2 a6 8.a4 bxc4 9.
Bxc4 Nbd7 10.dxe6 fxe6 11.Bxe6 Ne5 12.Bxc8 Rxc8 13.Bf4 Qb6 14.a5 Bxc3+ 15.
bxc3 Qb2 16.Bxe5 dxe5 17.Ne2 Rd8 18.Qc1 Rd2 19.Qxd2 Qxa1+ 20.Qd1 Qxa5 21.
O-O O-O 22.Qd6 Re8 23.h4 c4 24.Rd1 h6 25.Kh2 Kh7 26.Qc6 Rd8 27.Rb1 Rd2 28.
Qxc4 Qd8 29.Qxa6 Nh5 30.g3 Qf6 31.Qxf6 Rxe2+ 32.Kh3 Nxf6 33.c4 Rf2 34.Rb3 
Rc2 35.Rb5 Rf2 36.Rb3 Rc2 37.Rb5 Rc3 38.Kg2 Nd7 39.Rd5 Nb6 40.Rxe5 Nxc4 
41.Rb5 Rc2+ 42.Kh3 Nd2 43.Kg4 Rc3 44.Rf5 g6 45.Rf7+ Kg8 46.Ra7 Nxf3 47.
Ra8+ Kf7 48.Ra7+ Ke6 49.Ra6+ Ke7 50.Ra7+ Kd6 51.Ra6+ Kc5 52.Kf4 g5+ 53.
hxg5 hxg5+ 54.Kg4 Kd4 55.Rd6+ Kxe4 56.Rf6 Ne5+ 57.Kxg5 Rxg3+ 58.Kh5 Rg8 
59.Rf1 Nd3 60.Kh6 Nf4 61.Ra1 Kf5 62.Ra5+ Kf6 63.Ra6+ Ne6 64.Kh5 Rg7 65.Kh4
Kf5 66.Ra5+ Ke4 67.Ra4+ Nd4 68.Rb4 Ke5 69.Kh3 Rg8 70.Ra4 Nf5 71.Ra5+ Ke4 
72.Ra4+ Kf3 73.Ra3+ Ne3 74.Kh4 Rg1 75.Kh5 Kf4 76.Ra4+ Ke5 77.Ra5+ Nd5 78.
Rb5 Ke4 79.Ra5 Nf4+ 80.Kh4 Nd5 81.Kh5 Rg2 82.Rb5 Nf6+ 83.Kh4 Rg4+ 84.Kh3 
Rg6 85.Ra5 Kf4 86.Ra4+ Ne4 87.Kh2 Rg8 88.Rb4 Rc8 89.Kh3 Rc2 90.Ra4 Rb2 91.
Rd4 Rb3+ 92.Kh4 Rb6 93.Kh3 Rh6+ 94.Kg2 Rg6+ 95.Kh3 Rg3+ 96.Kh4 Rg8 97.Kh3 
Kf3 98.Rd3+ Kf2 99.Ra3 Nf6 100.Ra2+ Kf3 101.Ra3+ Kf4 102.Ra4+ Ne4 103.Kh2 
Rb8 104.Ra2 Rb3 105.Kg2 Re3 106.Rb2 Kg4 107.Ra2 Nc3 108.Rb2 Nd5 1/2-1/2

[Event "18th Asian-ch"]
[Site "New Delhi IND"]
[Date "2022.10.28"]
[Round "3.6"]
[White "Praggnanandhaa, Rameshbabu"]
[Black "Pranesh, Munirethinam"]
[Result "1-0"]
[WhiteElo "2687"]
[BlackElo "2442"]
[EventDate "2022.10.26"]
[PlyCount "79"]

1.d4 d5 2.c4 c6 3.Nf3 e6 4.e3 Nf6 5.Bd3 dxc4 6.Bxc4 Nbd7 7.O-O Bd6 8.Qc2 
O-O 9.e4 e5 10.Be3 a6 11.Nbd2 b5 12.dxe5 Nxe5 13.Nxe5 Bxe5 14.Be2 Bd4 15.
Bg5 h6 16.Bh4 c5 17.Nf3 g5 18.Bg3 Bb7 19.e5 Ne4 20.Rad1 Nxg3 21.hxg3 Bxf3 
22.Bxf3 Ra7 23.b4 Qb6 24.bxc5 Qxc5 25.Qe4 Rd8 26.Rd2 Rad7 27.e6 fxe6 28.
Qg6+ Kf8 29.Qxh6+ Bg7 30.Rxd7 Rxd7 31.Qxe6 Rd6 32.Qe2 Bc3 33.Bh5 Qe5 34.
Qg4 Qc5 35.Kh2 Qc4 36.f4 Rd5 37.Qe6 Rd8 38.Qf5+ Kg7 39.Qxg5+ Kh7 40.Bg6+ 
1-0

[Event "18th Asian-ch"]
[Site "New Delhi IND"]
[Date "2022.10.28"]
[Round "3.7"]
[White "Narayanan, Sunilduth Lyna"]
[Black "Urazaev, Arystanbek"]
[Result "1-0"]
[WhiteElo "2663"]
[BlackElo "2458"]
[EventDate "2022.10.26"]
[PlyCount "77"]

1.d4 Nf6 2.c4 g6 3.Nc3 Bg7 4.e4 d6 5.h3 e5 6.d5 a5 7.Bg5 Na6 8.Bd3 Bd7 9.
Nge2 Nc5 10.Bc2 c6 11.Ng3 O-O 12.O-O cxd5 13.exd5 Qb6 14.b3 Kh8 15.Be3 Qc7
16.f4 exf4 17.Rxf4 Ng8 18.Bd4 f5 19.Bxg7+ Kxg7 20.Qd4+ Nf6 21.Re1 Rae8 22.
Rxe8 Bxe8 23.Bxf5 gxf5 24.Nxf5+ Kg8 25.g4 Bg6 26.Nb5 Qd7 27.Nbxd6 Nd3 28.
Rf3 Ne1 29.Rf1 Nc2 30.Qe5 h6 31.Nxh6+ Kh7 32.Rxf6 Rxf6 33.Qxf6 Kxh6 34.
Nf5+ Kh7 35.Ne7 Qe8 36.d6 Bd3 37.d7 Qb8 38.Qf7+ Kh6 39.Ng8+ 1-0

[Event "18th Asian-ch"]
[Site "New Delhi IND"]
[Date "2022.10.28"]
[Round "3.8"]
[White "Sethuraman, Panayapan"]
[Black "Bilguun, Sumiya"]
[Result "1/2-1/2"]
[WhiteElo "2645"]
[BlackElo "2467"]
[EventDate "2022.10.26"]
[PlyCount "69"]

1.e4 c5 2.Nf3 d6 3.d4 cxd4 4.Nxd4 Nf6 5.Nc3 a6 6.Be3 e5 7.Nb3 Be6 8.Qd2 
Nbd7 9.O-O-O b5 10.f4 Rc8 11.h3 h5 12.Kb1 Be7 13.Bd3 Qc7 14.g3 Qb7 15.f5 
Bc4 16.Na5 Qa8 17.g4 Bxd3 18.Qxd3 Bd8 19.g5 Bxa5 20.gxf6 Nxf6 21.Qxd6 Bxc3
22.bxc3 Qb8 23.Rhg1 Qxd6 24.Rxd6 Nxe4 25.Rxa6 Nxc3+ 26.Kb2 Na4+ 27.Kc1 Kf8
28.Rd1 Kg8 29.Rd5 Nc3 30.Rxe5 f6 31.Ree6 Kh7 32.Bd2 Rhd8 33.Ra7 Nd5 34.Ba5
Ra8 35.Bxd8 1/2-1/2

[Event "18th Asian-ch"]
[Site "New Delhi IND"]
[Date "2022.10.28"]
[Round "3.9"]
[White "Zhumabaev, Rinat"]
[Black "Laxman, Rajaram"]
[Result "1-0"]
[WhiteElo "2620"]
[BlackElo "2378"]
[EventDate "2022.10.26"]
[PlyCount "100"]

1.Nf3 Nf6 2.g3 d5 3.Bg2 Bg4 4.c4 c6 5.Ne5 Bf5 6.Qb3 Nbd7 7.d4 Qb6 8.cxd5 
Qxb3 9.axb3 cxd5 10.Nc3 e6 11.Nb5 Bb4+ 12.Bd2 Bxd2+ 13.Kxd2 Ke7 14.Nxd7 
Kxd7 15.Nxa7 Ne8 16.Nb5 Nd6 17.Nc3 Rhc8 18.f3 Bg6 19.e4 b5 20.Rxa8 Rxa8 
21.Rc1 b4 22.Na4 Ra5 23.exd5 exd5 24.Bh3+ Ke8 25.Rc7 Bf5 26.Bxf5 Nxf5 27.
Kd3 Ra6 28.Rc8+ Ke7 29.Rc5 Rd6 30.Rb5 g5 31.Nb6 Ke6 32.Rxb4 Rc6 33.Nxd5 
Rc1 34.Ne3 Nxe3 35.Kxe3 Rc2 36.Rb6+ Ke7 37.Rh6 Rxb2 38.Rxh7 Ke6 39.Rh6+ f6
40.h4 Rxb3+ 41.Ke4 gxh4 42.g4 Rb5 43.Rxh4 Kf7 44.Rh5 Rb1 45.Rf5 Ke6 46.d5+
Ke7 47.d6+ Ke6 48.Rd5 Rb4+ 49.Rd4 Rxd4+ 50.Kxd4 Kxd6 1-0

[Event "18th Asian-ch"]
[Site "New Delhi IND"]
[Date "2022.10.28"]
[Round "3.10"]
[White "Mitrabha, Guha"]
[Black "Puranik, Abhimanyu"]
[Result "1/2-1/2"]
[WhiteElo "2474"]
[BlackElo "2603"]
[EventDate "2022.10.26"]
[PlyCount "45"]

1.Nf3 Nf6 2.c4 c5 3.Nc3 d5 4.cxd5 Nxd5 5.g3 Nc6 6.Bg2 Nc7 7.O-O e5 8.a3 a5
9.d3 Be7 10.Be3 Ne6 11.Nd2 Ned4 12.Nd5 Bg4 13.Re1 O-O 14.Rc1 Ra6 15.Nb3 b6
16.Nxd4 Nxd4 17.Bxd4 exd4 18.Qa4 Bd7 19.Qc4 Ra7 20.Qb3 Ra6 21.Qc4 Ra7 22.
Qb3 Ra6 23.Qc4 1/2-1/2

[Event "18th Asian-ch"]
[Site "New Delhi IND"]
[Date "2022.10.28"]
[Round "3.11"]
[White "Harsha, Bharathakoti"]
[Black "Panda, Sambit"]
[Result "1-0"]
[WhiteElo "2582"]
[BlackElo "2362"]
[EventDate "2022.10.26"]
[PlyCount "63"]

1.d4 d5 2.Nf3 e6 3.Bf4 Bd6 4.e3 Bxf4 5.exf4 b6 6.c3 Ne7 7.Nbd2 a5 8.h4 Ba6
9.Bxa6 Nxa6 10.h5 Nb8 11.Qe2 Qd6 12.Ne5 f6 13.Ng4 Kf7 14.g3 Nf5 15.O-O Nd7
16.Rfe1 Rhe8 17.Nf3 c5 18.Qd3 c4 19.Qc2 b5 20.Re2 b4 21.Rae1 Nf8 22.Qa4 
Reb8 23.Ne3 Nxe3 24.Rxe3 g6 25.Nh4 Ra6 26.Qd1 bxc3 27.bxc3 Rb2 28.hxg6+ 
hxg6 29.f5 Qd7 30.Nxg6 e5 31.Rxe5 fxe5 32.Nxe5+ 1-0

[Event "18th Asian-ch"]
[Site "New Delhi IND"]
[Date "2022.10.28"]
[Round "3.12"]
[White "Samant Aditya, S."]
[Black "Vokhidov, Shamsiddin"]
[Result "1/2-1/2"]
[WhiteElo "2467"]
[BlackElo "2568"]
[EventDate "2022.10.26"]
[PlyCount "63"]

1.e4 e5 2.Nf3 Nc6 3.Bb5 Nge7 4.Nc3 Ng6 5.d4 exd4 6.Nxd4 Nxd4 7.Qxd4 c6 8.
Be2 Qb6 9.Qd3 Be7 10.O-O O-O 11.a4 d6 12.a5 Qc7 13.f4 Kh8 14.g4 d5 15.exd5
f5 16.g5 Bd6 17.Qf3 Bd7 18.Bd3 Rae8 19.Kh1 cxd5 20.Nxd5 Qc6 21.c4 Nh4 22.
Qg3 Be6 23.h3 Bxd5+ 24.cxd5 Qxd5+ 25.Kh2 Re6 26.Bd2 Rfe8 27.Rae1 Rxe1 28.
Bxe1 Ng6 29.Bd2 Qd4 30.Rf2 Bc5 31.Rg2 Qd5 32.b4 1/2-1/2

[Event "18th Asian-ch"]
[Site "New Delhi IND"]
[Date "2022.10.28"]
[Round "3.13"]
[White "Nitish, Belurkar"]
[Black "Suleymenov, Alisher"]
[Result "1/2-1/2"]
[WhiteElo "2435"]
[BlackElo "2491"]
[EventDate "2022.10.26"]
[PlyCount "45"]

1.e4 c5 2.Nf3 Nc6 3.d4 cxd4 4.Nxd4 Nf6 5.Nc3 e5 6.Ndb5 d6 7.Bg5 a6 8.Na3 
b5 9.Nd5 Be7 10.Bxf6 Bxf6 11.c3 Ne7 12.Nxf6+ gxf6 13.Nc2 Bb7 14.Bd3 d5 15.
Qe2 f5 16.exf5 e4 17.f6 Nf5 18.f3 Qxf6 19.O-O Qb6+ 20.Kh1 Qh6 21.Kg1 Qb6+ 
22.Kh1 Qh6 23.Kg1 1/2-1/2

[Event "18th Asian-ch"]
[Site "New Delhi IND"]
[Date "2022.10.28"]
[Round "3.14"]
[White "Atabaev, Saparmyrat"]
[Black "Shyaamnikhil, P."]
[Result "1-0"]
[WhiteElo "2433"]
[BlackElo "2489"]
[EventDate "2022.10.26"]
[PlyCount "137"]

1.e4 c5 2.Nf3 Nc6 3.d4 cxd4 4.Nxd4 d6 5.Nc3 e5 6.Nf5 Bxf5 7.exf5 Qd7 8.Nd5
Nge7 9.f6 Nxd5 10.fxg7 Bxg7 11.Qxd5 O-O 12.c3 Ne7 13.Qb5 Qc6 14.Bg5 f6 15.
Be3 a6 16.Qb4 Nd5 17.Bc4 Rac8 18.O-O-O Qxc4 19.Qxc4 Rxc4 20.Rxd5 Rd8 21.
Rhd1 Bf8 22.f4 Re4 23.Kd2 exf4 24.Bd4 Rde8 25.Kd3 Re2 26.Rd2 Rxd2+ 27.Kxd2
Kf7 28.Rf5 Re6 29.Kd3 Bh6 30.b4 Bg5 31.Rd5 Kg6 32.b5 axb5 33.Rxb5 Re7 34.
Rb6 Rd7 35.Ke4 Re7+ 36.Kf3 Rd7 37.Rb5 Re7 38.a4 Rd7 39.a5 d5 40.Rc5 Kf5 
41.Rc8 Ke6 42.Kg4 h5+ 43.Kf3 Kf5 44.Bf2 Kg6 45.Ra8 Kf5 46.Rc8 Kg6 47.Rc5 
f5 48.Bd4 Kf7 49.Rb5 Bd8 50.Kxf4 Ke6 51.Rb2 Bxa5 52.Re2+ Kf7 53.Kxf5 Rc7 
54.Re3 Rc6 55.Rf3 Bc7 56.Kg5+ Kg8 57.h3 b5 58.Kxh5 Rc4 59.Bf6 Kf7 60.g4 
Rf4 61.Rxf4 Bxf4 62.g5 Be3 63.Kg4 d4 64.cxd4 b4 65.d5 Bc1 66.Kf5 b3 67.g6+
Kf8 68.d6 b2 69.g7+ 1-0

[Event "18th Asian-ch"]
[Site "New Delhi IND"]
[Date "2022.10.28"]
[Round "3.15"]
[White "Viani, Antonio Dcunha"]
[Black "Karthik, Venkataraman"]
[Result "1/2-1/2"]
[WhiteElo "2342"]
[BlackElo "2486"]
[EventDate "2022.10.26"]
[PlyCount "116"]

1.e4 c5 2.Nf3 e6 3.d4 cxd4 4.Nxd4 Nc6 5.Nc3 Qc7 6.Be3 a6 7.Qf3 Bd6 8.Nxc6 
bxc6 9.O-O-O Be5 10.Bd4 Bxd4 11.Rxd4 Rb8 12.Qg3 Qxg3 13.hxg3 d5 14.Ra4 Ra8
15.exd5 cxd5 16.Rhh4 Ne7 17.Ra3 h5 18.Rha4 a5 19.Nb5 Kd7 20.Rxa5 Rxa5 21.
Rxa5 Nc6 22.Ra4 Bb7 23.c4 dxc4 24.Rxc4 Ra8 25.a4 g5 26.b3 f5 27.Kb2 g4 28.
Rc2 Rh8 29.b4 Ba8 30.Ka3 h4 31.gxh4 Rxh4 32.Rd2+ Ke7 33.Nc7 Bb7 34.b5 Ne5 
35.a5 Rh1 36.a6 Be4 37.Rd1 g3 38.fxg3 Nc4+ 39.Bxc4 Rxd1 40.b6 Rd6 41.Bd5 
exd5 42.b7 Rb6 43.a7 Rxb7 44.a8=Q Rxc7 45.Qh8 Rc2 46.g4 fxg4 47.Qe5+ Kf7 
48.Qf4+ Ke7 49.g3 Rc3+ 50.Kb2 Rc2+ 51.Ka3 Rc3+ 52.Kb2 Rc2+ 53.Ka1 Rg2 54.
Qe5+ Kd7 55.Qg7+ Kd6 56.Qf6+ Kc5 57.Qc3+ Kb5 58.Qc5+ Kxc5 1/2-1/2

[Event "18th Asian-ch"]
[Site "New Delhi IND"]
[Date "2022.10.28"]
[Round "3.16"]
[White "Aditya, Mittal"]
[Black "Saravana, Krishnan P."]
[Result "1-0"]
[WhiteElo "2486"]
[BlackElo "2197"]
[EventDate "2022.10.26"]
[PlyCount "79"]

1.e4 e6 2.d4 d5 3.Nd2 Be7 4.Ngf3 Nf6 5.e5 Nfd7 6.Bd3 c5 7.c3 Nc6 8.O-O Qc7
9.Re1 b6 10.Nf1 Bb7 11.Bf4 h6 12.Ne3 O-O-O 13.Bg3 Nf8 14.h4 Kb8 15.a4 c4 
16.Be2 Na5 17.Nd2 Ng6 18.h5 Nh4 19.Qc2 Rc8 20.Bg4 Rhg8 21.Kh2 g6 22.hxg6 
h5 23.gxf7 Rxg4 24.Qh7 Nf5 25.Nxf5 exf5 26.Qxf5 Rg5 27.Qxg5 Bxg5 28.e6 Bf4
29.e7 h4 30.f8=Q hxg3+ 31.fxg3 Bxg3+ 32.Kg1 Bxe1 33.Rxe1 Bc6 34.e8=Q Bxe8 
35.Rxe8 Rxe8 36.Qxe8+ Kb7 37.Nf1 Nc6 38.Qe6 Qd8 39.g4 Ka6 40.Qxc6 1-0